Coffee research-Challenges and strategies (Record no. 55819)

MARC details
000 -LEADER
fixed length control field 00332nam a2200109Ia 4500
100 ## - MAIN ENTRY--AUTHOR NAME
Personal name Naidu R
245 #0 - TITLE STATEMENT
Title Coffee research-Challenges and strategies
260 ## - PUBLICATION, DISTRIBUTION, ETC. (IMPRINT)
Name of publisher PLACROSYM XV 10-13 December 2002, Mysore : Silver Jubilee Souvenir. pp.1-9
650 ## - SUBJECT ADDED ENTRY--TOPICAL TERM
Topical Term Coffee research
942 ## - ADDED ENTRY ELEMENTS (KOHA)
Koha item type Journals
Holdings
Withdrawn status Lost status Damaged status Not for loan Home library Current library Shelving location Date acquired Koha item type
      Journals RRII Library RRII Library General 16/12/2002 Journals